000 00289nam a22001337a 4500
008 181019b xxu||||| |||| 00| 0 eng d
020 _a0030416361
041 _aeng
080 _a343.9
100 _a13
101 _aSHJ
245 _aCrime and Criminology
_cReid, S.T
942 _2udc
_cBK
999 _c50261
_d50261